Score 0/12 Timer 04:00
0 Plays Today
Continent Country % Correct
AsiaTaiwan
97.4%
Europe Vatican City
96.7%
North AmericaBarbados
96.1%
Europe Lithuania
94.8%
North AmericaEl Salvador
94.1%
OceaniaPapua New Guinea
92.2%
AfricaGabon
90.8%
South AmericaArgentina
90.2%
Africa Ethiopia
85%
OceaniaMicronesia
85%
South AmericaSuriname
83.7%
Asia United Arab Emirates
79.7%
Come Together.
Have Fun.
All Virtual.
We all need to come together. Play Sporcle's virtual live trivia to have fun, connect with people, and get your trivia on. Join a live hosted trivia game for your favorite pub trivia experience done virtually. If a virtual private party is more your thing, go here for details.

You're not logged in!

Compare scores with friends on all Sporcle quizzes.
OR
Log In

Sporcle TV

Today on Sporcle TV


Watch our educational content, quiz creation guides, and fun videos on Sporcle TV.

Show Comments

Extras

Top Quizzes Today


Score Distribution

Paid Content

Your Account Isn't Verified!

In order to create a playlist on Sporcle, you need to verify the email address you used during registration. Go to your Sporcle Settings to finish the process.

Report this User

Report this user for behavior that violates our Community Guidelines.

Details: